| 000 | 01354cam a22003255a 4500 | ||
|---|---|---|---|
| 999 |
_c25931 _d25903 |
||
| 005 | 20190525135820.0 | ||
| 008 | 010328t2002 caua grb 001 0 eng d | ||
| 020 | _a8131202798 (Indian reprint) | ||
| 020 | _a9788131202791 (Indian reprint) | ||
| 020 | _a0125249756 (original) | ||
| 040 |
_aDLC _beng _cDLC _dDLC _dEG-ScBUE _dEG-ScBUE |
||
| 082 | 0 | 4 |
_a621.38152 _bOHR _222 |
| 100 | 1 |
_aOhring, Milton, _d1936- |
|
| 245 | 1 | 0 |
_aMaterials science of thin films : _bdeposition and structure / _cMilton Ohring. |
| 250 | _a2nd ed. | ||
| 250 | _a1st India ed. | ||
| 260 |
_aSan Diego, CA : _bAcademic Press, _c2006. |
||
| 300 |
_axxi, 794 p. : _bill. ; _c24 cm. |
||
| 500 | _aFirst printed in India 2006. | ||
| 504 | _aIncludes bibliographical references and index. | ||
| 650 | 7 |
_aThin films. _2BUEsh _911415 |
|
| 651 | _2BUEsh | ||
| 653 |
_bGGEN _cJanuary2018 |
||
| 856 | 4 | 2 |
_3Publisher description _uhttp://www.loc.gov/catdir/description/els031/2001089414.html |
| 856 | 4 | 1 |
_3Table of contents _uhttp://www.loc.gov/catdir/toc/els031/2001089414.html |
| 856 | 4 | 2 |
_3Book review (E-STREAMS) _uhttp://www.e-streams.com/es0505/es0505_1873.htm |
| 906 |
_a7 _bcbc _corignew _d2 _eepcn _f20 _gy-gencatlg |
||
| 942 | _2ddc | ||